header

Diabetic adolescents and their families (Record no. 18352)

MARC details
000 -LEADER
fixed length control field 01342nam a22003254a 4500
082 04 - DEWEY DECIMAL CLASSIFICATION NUMBER
Classification number 362.1/96462/00835
100 1# - MAIN ENTRY--AUTHOR NAME
Personal name Seiffge-Krenke, Inge.
245 10 - TITLE STATEMENT
Title Diabetic adolescents and their families
260 ## - PUBLICATION, DISTRIBUTION, ETC. (IMPRINT)
Place of publication Cambridge ;
-- New York :
Name of publisher Cambridge University Press,
Year of publication 2001.
300 ## - PHYSICAL DESCRIPTION
Number of Pages xvii, 329 p. :
Other physical details ill.
500 ## - GENERAL NOTE
General note Errata slip tipped in.
650 #0 - SUBJECT ADDED ENTRY--TOPICAL TERM
Topical Term Diabetes in adolescence.
Topical Term Diabetics
Topical Term Diabetes in adolescence
856 40 - ELECTRONIC LOCATION AND ACCESS
Uniform Resource Identifier http://site.ebrary.com/lib/rucke/Doc?id=10005717

No items available.

© 2026 Rongo University
Contact us: librarian | system librarian | Rongo university